000
00473nam a2200181Ia 4500
008
090122s9999 xx 000 0 und d
082
_b
12909
100
_a
भोगले
_b
प्रभाकर
245
_a
शाली
260
_b
मेघना
_c
2007
300
_a
215
501
_a
रोहित बुक सेंटर
600
_a
भोगले
630
_a
शाली
700
_a
भोगले
730
_a
शाली
942
_c
BOOK
999
_c
36986
_d
36986